000 00826nam a2200217Ia 4500
003 GCL
008 140319s9999 xx 000 0 ara d
040 _aGCL /
_cGCL
082 0 4 _a819
_bج ب
100 1 _aالجاحظ : ابوعثمان عمرو بن بحر محبوب
245 1 0 _aالبخلاء /
_cالجاحظ : ابوعثمان عمرو بن بحر محبوب
700 1 _aعباس عبدالساتر
250 _aالرابعة
260 _aالقاهرة :
_bدار و مكتبة الهلال ،
_c1993
300 _a312 ص ؛
_c24 سم
650 0 4 _aالادب العربى
650 0 4 _aالنثر العربى
650 0 4 _aالادب العربى - تاريخ ونقد - العصر العباسى
650 0 4 _aالجاحظ ،ابى عثمان عمرو بن بحر بن محبوب
942 _2ddc
_cBK
999 _c4855
_d4855